| 000 | 01018nam a2200265Ia 4500 | ||
|---|---|---|---|
| 003 | OSt | ||
| 005 | 20221005105741.0 | ||
| 006 | a|||||r|||| 00| 0 | ||
| 007 | ta | ||
| 008 | 221004b |||||||| |||| 00| 0 hin d | ||
| 020 |
_a9788173095382 (hbk) _c250 |
||
| 024 | _a12884 | ||
| 037 |
_b1136, 20/03/2014, Anamika Publishers & Distributors Pvt. Ltd. _cTextual |
||
| 040 |
_aCRL _cCRL _bhin |
||
| 041 |
_2hin _ahin |
||
| 082 | _aO152,6N451x, Q1 | ||
| 100 | _aआचार्य, नंदकिशोर | ||
| 245 | 0 | _aइतिहास के सवाल | |
| 246 | _aItihās ke savāla | ||
| 260 |
_aनई दिल्ली _bसस्ता साहित्य मंडल प्रकाशन भारत _c2011 |
||
| 300 |
_a58पृ0 _ccm. |
||
| 650 | _aहिन्दी साहित्य | ||
| 942 |
_hO152,6N451x, Q1 _cTEXL _2cc |
||
| 999 |
_c1016803 _d1016803 |
||